| 000 | 00423nam a2200169Ia 4500 | ||
|---|---|---|---|
| 008 | 220216s9999 xx 000 0 und d | ||
| 100 | _aGogoi N K | ||
| 245 | 0 | _aPrevalence of diseases and pests of rubber (Hevea brasiliensis) in Tripura | |
| 260 |
_bRubber Science _c2012 |
||
| 300 | _a189-198 | ||
| 650 | _aDiseases | ||
| 650 | _aPests | ||
| 650 | _aSurvey | ||
| 650 | _aTripura | ||
| 700 | _aDey S K | ||
| 942 | _cJS | ||
| 999 |
_c65671 _d65671 |
||